• 首页
  • 本馆介绍
  • 公告通知
  • 最新文献
  • 馆藏检索
  • 电子资源
  • 读者导购
  • 参考咨询
  • 我的图书馆
  • 登录
  • 详细信息显示
  • 放入我的书架
  • 预约/预借图书
  • 作者相关作品
  • 分类相关作品
  • 丛书相关作品
  • 出版社相关作品

书目信息

  • 表格格式
  • 工作单格式
  • 卡片格式
题名:
女儿的怀念
    
 
作者: 刘爱琴 著
分册:  
出版信息: 石家庄   河北人民出版社  1980
页数: 101页
开本: 19cm
丛书名:
单 册:
中图分类: K827.7 , D239
科图分类:
主题词: 中国共产党
电子资源:
ISBN:
000 00674nam0 2200265 45
001 0180000485
005 20061027093527.53
010    @dCNY0.35
091    @a3086.844
100    @a19950526d1980 em y0chiy0121 ea
101 0  @achi
102    @aCN@b130000
105    @ay z 000yc
106    @ar
200 10 @a女儿的怀念@Anu er de huai nian@f刘爱琴著
210    @a石家庄@c河北人民出版社@d1980
215    @a101页@d19cm
600  0 @a刘少奇@x回忆录
606 0  @a中国共产党
690    @aK827.7@v3
690    @aD239
701  0 @a刘爱琴@Aliu ai qin@4著
801  0 @aCN@b上海图书馆@c20061027
801  2 @aCN@bNLC@c20040426
905    @f2@b67668-669@f1@b67666@dD239@e25
    
    女儿的怀念/刘爱琴著.-石家庄:河北人民出版社,1980
    101页;19cm
    
    
    ISBN :CNY0.35
    
●
相关链接 在E读中查询图书 在五车中查询图书 在当当中查询图书 在豆瓣中查询图书


正题名:女儿的怀念     索取号:D239/25         预约/预借

序号 登录号 条形码 馆藏地/架位号 状态 备注
1 0067666   001018543   密集书库/ [索取号:D239/25] 在馆    
2 0067667   001926599   密集书库/ [索取号:D239/25] 在馆    
3 0067668   000377675   第一借阅区/ [索取号:D239/25] 在馆    
4 0067669   001018437   第一借阅区/ [索取号:D239/25] 在馆    
5 0067670   200676704   第一样本阅览室/ [索取号:D239/25] 在馆    
6 0447367   204473676   密集书库/ [索取号:D239/25] 在馆    
唐山师范学院图书馆 欢迎您!
大连网信软件有限公司© 版权所有